| 000 | 00419nam a2200157Ia 4500 | ||
|---|---|---|---|
| 008 | 210716s2011 xx 000 0 und d | ||
| 020 | _a9781444111866 | ||
| 041 | _aeng | ||
| 082 | _a658.3 MURA | ||
| 100 | _aMurton, Adrian;Inman, Margaret;Osullivan, Nuala. | ||
| 245 | _aHuman resource management. | ||
| 250 | _a1 | ||
| 260 |
_aNew Delhi _bViva Books _c2011 |
||
| 300 | _a426 | ||
| 650 | _aHuman Resource Management | ||
| 999 |
_c207770 _d207770 |
||